Os Verdadeiros Estados do Brasil - Statistics

Estatísticas Gerais
  • Esse quiz foi jogado 116 vezes
  • A pontuação média é 24 de 26
Respostas no mapa
Respostas codificadas por cores de uma escala verde-vermelha no mapa do quiz de acordo com a % correta abaixo.
 
Estatísticas das Respostas
Estado % Correto
Rio de Janeiro
97%
Pará
96%
São Paulo
96%
Bahia
94%
Amazonas
93%
Mato Grosso
93%
Mato Grosso do Sul
93%
Minas Gerais
93%
Paraná
93%
Rio Grande do Norte
93%
Rio Grande do Sul
93%
Santa Catarina
93%
Amapá
92%
Ceará
92%
Distrito Federal
92%
Espírito Santo
92%
Pernambuco
92%
Tocantins
92%
Alagoas
91%
Paraíba
91%
Piauí
91%
Roraima
91%
Sergipe
91%
Goiás
90%
Maranhão
90%
Rondônia
90%
Nenhum quiz correspondente encontrado
Distribuição das Pontuações
Porcentagem de Pessoas com Cada Pontuação
Percentil de Números Respondidos
Sua Pontuação Histórica
Você não jogou esse quiz